States in a Tank of the U.S. Map - Statistics

General Stats
  • This quiz has been taken 31,456 times
  • The average score is 29 of 31
Answers on the Map
Answers color-coded by a green-red scale on the quiz's map according to % correct below.
 
Answer Stats
State % Correct
Texas
99%
California
97%
Nevada
96%
New Mexico
96%
Arizona
95%
Ohio
95%
Alabama
94%
Colorado
94%
Kentucky
94%
Michigan
94%
North Carolina
94%
South Carolina
94%
South Dakota
94%
Utah
94%
Georgia
93%
Illinois
93%
Kansas
93%
Mississippi
93%
Oklahoma
93%
Tennessee
93%
Virginia
93%
West Virginia
93%
Arkansas
92%
Indiana
91%
Wyoming
91%
Iowa
90%
Minnesota
90%
Missouri
90%
Nebraska
90%
Wisconsin
90%
Maine
86%
No matching quizzes found
Score Distribution
Percent of People with Each Score
Percentile by Number Answered
Your Score History
You have not taken this quiz